Welcome to-- Internet : from mystery to mastery /

Saved in:
Bibliographic Details
Main Author: Badgett, Tom
Other Authors: Sandler, Corey, 1950-
Format: Book
Language:English
Published: New York, N.Y. : MIS Press, c1993.
Edition:1st ed.
Subjects:
LEADER 01039cam a2200301 a 4500
001 c000294661
003 CARM
005 20100211134542.0
008 960801s1993 nyua 001 0 eng d
010 |a 96175694 
019 1 |a 10675028  |5 LACONCORD2021 
020 |a 1558283080  |c &19.95 
035 |a (OCoLC)29296442  |5 LACONCORD2021 
040 |a DLC  |b eng  |c DLC  |d DLC  |d LC 
050 0 0 |a TK5105.875.I57  |b B3323 1993 
082 0 4 |a 004.67  |2 20 
100 1 |a Badgett, Tom. 
245 1 0 |a Welcome to-- Internet :  |b from mystery to mastery /  |c Tom Badgett & Corey Sandler. 
250 |a 1st ed. 
260 |a New York, N.Y. :  |b MIS Press,  |c c1993. 
300 |a xi, 324 p. :  |b ill. ;  |c 24 cm. 
500 |a Includes index. 
610 2 0 |a Internet (U.S.) 
650 0 |a Internet. 
700 1 |a Sandler, Corey,  |d 1950- 
852 8 |b CARM  |h A3:AI11C0  |i F07658  |p 0554395  |f BK 
999 f f |i 4d0a12f8-78d1-5d85-8c8d-7fbc207c5f90  |s cc6f9be2-54a8-5ec4-8937-a07beba0afc9 
952 f f |p Can circulate  |a CAVAL  |b CAVAL  |c CAVAL  |d CARM 1 Store  |e F07658  |f A3:AI11C0  |h Other scheme  |i book  |m 0554395